Red Teaming : Transform Your Business By Thinking Like The Enemy (Record no. 95642)

MARC details
000 -LEADER
fixed length control field 00620nam a2200229Ia 4500
005 - DATE AND TIME OF LATEST TRANSACTION
control field 20230327115144.0
008 - FIXED-LENGTH DATA ELEMENTS--GENERAL INFORMATION
fixed length control field 230125s9999 xx 000 0 und d
020 ## - INTERNATIONAL STANDARD BOOK NUMBER
International Standard Book Number 978-0-3494-1041-8
041 ## - LANGUAGE CODE
Language code of text/sound track or separate title eng
082 ## - DEWEY DECIMAL CLASSIFICATION NUMBER
Classification number 658.312 44
Item number HOF
100 ## - MAIN ENTRY--PERSONAL NAME
Author Hoffman B G
245 ## - TITLE STATEMENT
Title Red Teaming : Transform Your Business By Thinking Like The Enemy
260 ## - PUBLICATION, DISTRIBUTION, ETC.
Date of publication, distribution, etc. 2017
Name of publisher, distributor, etc. Piatkus Publication
Place of publication, distribution, etc. London
300 ## - PHYSICAL DESCRIPTION
Extent 278p
Dimensions Paper Back
440 ## - SERIES STATEMENT/ADDED ENTRY--TITLE
Volume/sequential designation 1
500 ## - GENERAL NOTE
Keywords HRM;HRM Gen
650 ## - SUBJECT ADDED ENTRY--TOPICAL TERM
Topical term or geographic name entry element Human Resource Management.
700 ## - ADDED ENTRY--PERSONAL NAME
Personal name Hoffman B G
942 ## - ADDED ENTRY ELEMENTS (KOHA)
Koha item type Books
906 ## - LOCAL DATA ELEMENT F, LDF (RLIN)
b 27
Holdings
Withdrawn status Lost status Damaged status Not for loan Home library Current library Date acquired Vendor Net Price Bill number Total Checkouts Full call number Barcode Date last seen Actual Price Bill Date Koha item type Original Barcode
        Smt. Hiraben Nanavati Institute of Management & Research for Women Smt. Hiraben Nanavati Institute of Management & Research for Women 12/02/2019 Pritam Book Centre 599.00 10764   658.312 44 HOF B18136 HIMR-BK-18136 25/01/2023 572.00 11/02/2019 Books B18136